O primeiro dia de escola (Record no. 2041)
[ view plain ]
| 000 -Etiqueta do registo | |
|---|---|
| Valores | 00765nam a2200265 4500 |
| 010 ## - Número ISBN | |
| ISBN | 9789895836772 |
| 021 ## - Número do Depósito Legal | |
| Código do país | Portugal |
| Número | 548598/25 |
| 100 ## - Dados gerais de processamento | |
| Dados gerais | 20260210d2025 c||y0pory50030103ba |
| 101 ## - Língua de publicação | |
| Língua | Português |
| 102 ## - País de publicação | |
| País | Portugal |
| 200 ## - Titulo e menção de responsabilidade | |
| Título próprio | O primeiro dia de escola |
| Primeira menção de responsabilidade | Caroline Roque |
| Outras menções de responsabilidade | il. Grégoire Mabire |
| -- | trad. Leonor Branco |
| 205 ## - Menção da edição | |
| Edição | 1ª edição |
| 210 ## - Publicação | |
| Local de publicação | Lisboa |
| Nome do editor | Nuvem de Letras |
| Data de publicação | 2025 |
| 215 ## - Descrição física | |
| Paginação / Volumes | [24] p. |
| Outras indicações físicas | il. |
| Dimensões | 29 cm |
| 300 ## - Notas gerais | |
| Texto da nota | BMB-Registado |
| 304 ## - Nota relativa ao título | |
| Texto de nota | Tít. orig.: L'école des loups |
| 606 ## - Nome comum usado como assunto | |
| ID Autoridade | 863 |
| Palavra de ordem | Literatura Infantil |
| 675 ## - CDU | |
| Notação | 087.5 |
| Edição | BMB |
| Língua | por |
| 700 ## - Autor principal (pessoa individual) | |
| Apelido | Roque |
| Nome | Caroline |
| Datas | 1975- |
| ID Autoridade | 2925 |
| 701 ## - Co-autor principal (pessoa individual) | |
| Apelido | Mabire |
| Nome | Gregoire |
| Função | Ilustrador |
| ID Autoridade | 1063 |
| 702 ## - Autor secundário (pessoa individual) | |
| Apelido | Branco |
| Nome | Ana Leonor |
| Função | Tradutor |
| ID Autoridade | 2926 |
| 801 ## - Fonte de origem | |
| País | PT |
| Agência | BMB |
| Regras de catalogação | RPC |
| 990 ## - Elementos KOHA | |
| Tipo de documento | Livro |
| Situação do levantamento | Estado | Número | Biblioteca de origem | Código de barras | Cota | Permissão de empréstimo | Tipo de documento | Forma de aquisição |
|---|---|---|---|---|---|---|---|---|
| 1 | Biblioteca Municipal de Borba | 1991 | 087.5 ROQ / PRI | Livro | Compra |